000 00244nam a2200109Ia 4500
005 20251222143113.0
008 251222s9999||||xx |||||||||||||| ||spa||
082 _a985.04/V18
100 _aValcarcel, Daniel
245 0 _aEl PerĂº:
942 _cLIB
999 _c11245
_d11245